British overseas military bases Map Quiz - Statistics

General Stats
  • This quiz has been taken 677 times
  • The average score is 11 of 18
Answers on the Map
Answers color-coded by a green-red scale on the quiz's map according to % correct below.
 
Answer Stats
Base name Answer % Correct
Troödos Station Cyprus
87%
Akrotiri Base Cyprus
87%
Dhekalia Base Cyprus
87%
British Army Training Unit Suffield Canada
84%
Camp Viking Norway
67%
British Army ? Germany
66%
Donnelly Lines United Arab Emirates
58%
British Army Training Unit ? Kenya
57%
Nyati Barracks Kenya
57%
Dol Dol Training Area Kenya
57%
Archers Post Trainign Area Kenya
57%
?-British Joint Training Area Oman
57%
Joint Logistics Support Base Oman
57%
No. 83 Expeditionary Air Group Qatar
54%
British Defence ? Support Unit Singapore
52%
United Kingdom Naval Support Facility Bahrain
51%
British Army Training and Support Unit ? Belize
49%
British Forces ? Brunei
28%
No matching quizzes found
Score Distribution
Percent of People with Each Score
Percentile by Number Answered
Your Score History
You have not taken this quiz